| 000 | 01193cab a2200277 4500 | ||
|---|---|---|---|
| 001 | WB2839-59 | ||
| 008 | 090401t1992 xxu||||| |||| 00| 0 eng d | ||
| 035 | _a(Sirsi) u32988 | ||
| 041 | _aeng | ||
| 245 | _aBuilding Societies Ombudsman - clarification | ||
| 260 | _c1992 | ||
| 350 | _a0 | ||
| 490 |
_aEstates Gazette _v(9239) 3 October 1992, 151(1) |
||
| 520 | _aClarifies the jurisdiction of the Building Societies Ombudsman following the "Halifax Building Society v Edell" ChD 28 February 1992 decision. The ombudsman is obliged under the Building Societies Ombudsman scheme Clause 14 to investigate complaints of negligent structural surveys and house buyer`s reports carried out by an employee of a building society as part of an application for a further advance on the property. | ||
| 650 | _aBUILDING SOCIETIES OMBUDSMAN SCHEME | ||
| 650 | _aBUILDING SOCIETIES | ||
| 650 | _aBUILDINGS SOCIETIES ACT 1986 | ||
| 650 | _aHOUSE-BUYERS REPORTS | ||
| 650 | _aMALADMINISTRATION | ||
| 650 | _aNEGLIGENCE | ||
| 650 | _aSTRUCTURAL SURVEYS | ||
| 650 |
_aValuation _96273 |
||
| 690 | _aMANAGEMENT-BUSINESS MANAGEMENT-PROFESSIONAL PRACTICE | ||
| 942 | _n0 | ||
| 948 | _c04/03/1997 | ||
| 999 |
_c22044 _d22044 |
||